| 000 | 00814cab a2200229 4500 | ||
|---|---|---|---|
| 001 | ABS57233 | ||
| 008 | 090401t1997 xxu||||| |||| 00| 0 eng d | ||
| 035 | _a(Sirsi) u79644 | ||
| 041 | _aeng | ||
| 100 | _aAkenhead, R. | ||
| 245 | _aManagement problem | ||
| 260 | _c1997 | ||
| 350 | _a0 | ||
| 490 |
_aBuilding _v257(7997) 4 July 1997, 31(1) |
||
| 520 | _aReviews "Copthorne Hotel (Newcastle) Ltd v Arup Associates and others" [1997] CILL 1270, suggesting that there is more to the liabilities and responsibilities of a management contractor than may first appear. | ||
| 650 | _aCOPTHORNE HOTEL (NEWCASTLE) LTD V ARUP ASSOCIATES AND OTHERS | ||
| 650 | _aDEFECTS LIABILITY | ||
| 650 | _aMANAGEMENT CONTRACTS | ||
| 690 | _aBUILT ENVIRONMENT-BUILDING CONTRACT FORMS | ||
| 942 | _n0 | ||
| 948 | _c16/07/1997 | ||
| 999 |
_c50089 _d50089 |
||